[Event "PRO League Group Stage"]
[Site "chess.com INT"]
[Date "2018.01.18"]
[Round "1"]
[White "Connell, Blair N"]
[Black "Lenic, Luka"]
[Result "0-1"]
[BlackTitle "GM"]
[WhiteElo "2234"]
[BlackElo "2662"]
[WhiteTeam "London Towers"]
[BlackTeam "Ljubljana Turtles"]
[WhiteFideId "403725"]
[BlackFideId "14603853"]
[EventDate "2018.01.18"]

1. e4 c5 2. Nf3 Nc6 3. Bb5 e6 4. O-O Nge7 5. Re1 a6 6. Bf1 d5 7. exd5 Nxd5 8. d4
Nf6 9. dxc5 Qxd1 10. Rxd1 Bxc5 11. c3 Ng4 12. Rd2 Bd7 13. h3 Nge5 14. Nxe5 Nxe5
15. Rd1 O-O-O 16. Bf4 Ng6 17. Be3 Bxe3 18. fxe3 Ba4 19. Rd4 Bc6 20. Nd2 e5 21.
Rxd8+ Rxd8 22. Nb3 Kc7 23. Kf2 Nh4 24. g3 Nf3 25. Bg2 Nd2 26. Bxc6 Kxc6 27. Na5+
Kc7 28. Ke2 Ne4 29. Kf3 Ng5+ 30. Kg4 f6 31. Nb3 g6 32. Rf1 Rd6 33. Kh4 Ne4 34.
Kg4 Ng5 35. Kh4 b6 36. a4 a5 37. Rf2 Ne4 38. Re2 f5 39. Re1 g5+ 40. Kh5 Rg6 41.
g4 Ng3# 0-1

[Event "PRO League Group Stage"]
[Site "chess.com INT"]
[Date "2018.01.18"]
[Round "1"]
[White "Gunina, Valentina"]
[Black "Admiraal, Miguoel"]
[Result "0-1"]
[WhiteTitle "GM"]
[BlackTitle "IM"]
[WhiteElo "2502"]
[BlackElo "2453"]
[WhiteTeam "Cannes Blockbusters"]
[BlackTeam "Amsterdam Mosquitoes"]
[WhiteFideId "4167570"]
[BlackFideId "1019716"]
[EventDate "2018.01.18"]

1. e4 c6 2. d4 d5 3. Nc3 dxe4 4. Nxe4 Bf5 5. Ng3 Bg6 6. Nf3 e6 7. Bd3 Nf6 8. O-O
Qc7 9. Bxg6 hxg6 10. Qe2 Nbd7 11. c4 Bd6 12. Re1 O-O 13. Ng5 c5 14. Be3 cxd4 15.
Bxd4 e5 16. Be3 Rac8 17. Rac1 Bc5 18. Bxc5 Qxc5 19. N3e4 Nxe4 20. Qxe4 b5 21.
Qh4 Nf6 22. Rc3 Qd4 23. Qg3 bxc4 24. Nf3 Qb6 25. Nxe5 Qxb2 26. Nxc4 Qxa2 27. h4
Ne4 28. Ra3 Qxc4 29. Qh3 Qd4 30. Ra2 Nf6 31. Qg3 Rfe8 32. Rea1 Ng4 33. Qa3 Rc7
34. g3 Rce7 35. Qf3 Re1+ 36. Rxe1 Rxe1+ 37. Kg2 Qc4 0-1

[Event "PRO League Group Stage"]
[Site "chess.com INT"]
[Date "2018.01.18"]
[Round "1"]
[White "Gunina, Valentina"]
[Black "Ducarmon, Quinten"]
[Result "1-0"]
[WhiteTitle "GM"]
[BlackTitle "IM"]
[WhiteElo "2502"]
[BlackElo "2472"]
[WhiteTeam "Cannes Blockbusters"]
[BlackTeam "Amsterdam Mosquitoes"]
[WhiteFideId "4167570"]
[BlackFideId "1025007"]
[EventDate "2018.01.18"]

1. e4 c6 2. Nf3 d5 3. Nc3 Bg4 4. h3 Bxf3 5. Qxf3 e6 6. Be2 Nf6 7. O-O Nbd7 8. d3
Bd6 9. d4 dxe4 10. Nxe4 Nxe4 11. Qxe4 Nf6 12. Qf3 Qc7 13. Bg5 Be7 14. c3 O-O 15.
Bd3 Rad8 16. Rad1 Qa5 17. Bh4 Qxa2 18. Ra1 Qb3 19. Rxa7 Ra8 20. Rxa8 Rxa8 21.
Qe2 Ra2 22. Rb1 Qa4 23. Re1 Ra1 24. Bb1 Qa5 25. Qe5 Qd8 26. Bxh7+ Nxh7 27. Rxa1
Bxh4 28. Ra7 Nf8 29. Rxb7 c5 30. Rb8 Qa5 31. Qxc5 Qa1+ 32. Kh2 Bxf2 33. Rxf8+
Kh7 34. Qh5# 1-0

[Event "PRO League Group Stage"]
[Site "chess.com INT"]
[Date "2018.01.18"]
[Round "1"]
[White "Skuhala, Luka"]
[Black "Connell, Blair N"]
[Result "1-0"]
[WhiteElo "2059"]
[BlackElo "2234"]
[WhiteTeam "Ljubljana Turtles"]
[BlackTeam "London Towers"]
[WhiteFideId "14605678"]
[BlackFideId "403725"]
[EventDate "2018.01.18"]

1. e4 e6 2. d4 d5 3. e5 c5 4. c3 Nc6 5. Nf3 Qb6 6. a3 Bd7 7. b4 cxd4 8. cxd4 Rc8
9. Bb2 Nge7 10. Nbd2 Nf5 11. Nb3 Be7 12. Bd3 O-O 13. O-O Nb8 14. Qe2 Qd8 15.
Rac1 b6 16. Rc2 Ba4 17. Rxc8 Qxc8 18. Rc1 Qd7 19. Nbd2 Bc6 20. b5 Bb7 21. Bxf5
exf5 22. e6 fxe6 23. Ne5 Qd8 24. Nc6 Bxc6 25. Qxe6+ Kh8 26. bxc6 Qc7 27. Qxd5
Rf6 28. Nf3 Rxc6 29. Rxc6 Qxc6 30. Qxf5 Nd7 31. d5 Qd6 32. Ne5 Nxe5 33. Bxe5
Qxa3 34. h3 h6 35. Qg6 Qc1+ 36. Kh2 Qg5 37. Qe6 Bd8 38. f4 Qe7 39. Qxh6+ Kg8 40.
Qc6 Kf7 41. d6 Qe6 42. Qb7+ Ke8 43. Qxa7 b5 44. Qxg7 b4 45. h4 b3 46. d7+ Qxd7
47. Qg8+ Ke7 48. Qxb3 Qg4 49. Qg3 Qe2 50. Qg7+ Ke6 51. Qg6+ Kd5 52. Qd6+ Ke4 53.
Qd4+ Kf5 54. Qxd8 Ke4 55. Qd4+ Kf5 56. Qd7+ Ke4 57. Qh7+ Kd5 58. Qf5 Kc6 59. h5 1-0

[Event "PRO League Group Stage"]
[Site "chess.com INT"]
[Date "2018.01.18"]
[Round "1"]
[White "Vaibhav, Suri"]
[Black "Puranik, Abhimanyu"]
[Result "0-1"]
[WhiteTitle "GM"]
[BlackTitle "GM"]
[WhiteElo "2542"]
[BlackElo "2520"]
[WhiteTeam "Delhi Dynamite"]
[BlackTeam "Mumbai Movers"]
[WhiteFideId "5045185"]
[BlackFideId "5061245"]
[EventDate "2018.01.18"]

1. Nf3 Nf6 2. g3 g6 3. Bg2 Bg7 4. O-O O-O 5. d4 d5 6. c3 Bf5 7. Bf4 Nbd7 8. a4
c5 9. a5 b6 10. Qa4 a6 11. axb6 Qxb6 12. Qa3 Ne4 13. Rd1 Rfc8 14. Nbd2 cxd4 15.
cxd4 Bf8 16. Qa2 Ndf6 17. Rac1 Rxc1 18. Rxc1 Nxd2 19. Bxd2 Rb8 20. Bf4 Rb7 21.
h3 a5 22. g4 Be6 23. Rc2 h5 24. g5 Ne4 25. e3 Qb4 26. Kh2 a4 27. Ne5 Qb3 28.
Qxb3 axb3 29. Rc6 Nxf2 30. Nxg6 Nd3 31. Nxf8 Kxf8 32. g6 Nxf4 33. exf4 Rb4 34.
gxf7 Bxf7 35. Rc3 Rxd4 36. Kg3 h4+ 37. Kf3 Rd2 38. Bf1 Rxb2 39. Bd3 d4 40. Rc8+
Kg7 41. Rd8 Rd2 42. Bf5 b2 43. Rb8 Kf6 44. Bb1 Bh5+ 45. Ke4 Bg6+ 46. f5 Bxf5+
47. Kf4 Rf2# 0-1

[Event "PRO League Group Stage"]
[Site "chess.com INT"]
[Date "2018.01.18"]
[Round "1"]
[White "Vaibhav, Suri"]
[Black "Raja, Harshit"]
[Result "0-1"]
[WhiteTitle "GM"]
[BlackTitle "IM"]
[WhiteElo "2542"]
[BlackElo "2427"]
[WhiteTeam "Delhi Dynamite"]
[BlackTeam "Mumbai Movers"]
[WhiteFideId "5045185"]
[BlackFideId "5089000"]
[EventDate "2018.01.18"]

1. Nf3 Nf6 2. g3 g6 3. b3 Bg7 4. Bb2 O-O 5. Bg2 d5 6. c4 c6 7. O-O a5 8. d3 a4
9. b4 dxc4 10. dxc4 Qxd1 11. Rxd1 Be6 12. Na3 Na6 13. b5 cxb5 14. cxb5 Nb4 15.
Nd4 Bd5 16. Bxd5 Nbxd5 17. Nc4 Ne4 18. Rac1 Rfd8 19. e3 Rac8 20. Kg2 Nb4 21. Na5
Rxc1 22. Rxc1 Nd3 23. Rb1 Rd7 24. f3 Nxb2 25. Rxb2 Nc3 26. b6 Nd5 27. Re2 Nxb6
28. Nc2 Nd5 29. Na3 Nc3 30. Rc2 b5 31. Nc6 Rc7 32. Nb4 e6 33. e4 Rd7 34. h4 Rd1
35. Nc6 Ra1 36. e5 Rxa2 37. Rxa2 Nxa2 38. Nxb5 Bf8 39. Kf2 a3 40. Ncd4 Nb4 41.
Nxa3 Bc5 42. Ke3 Nd5+ 43. Ke4 Bxa3 44. f4 Bb4 45. Ne2 Nc3+ 46. Nxc3 Bxc3 47. Kf3
h5 48. g4 Be1 0-1

[Event "PRO League Group Stage"]
[Site "chess.com INT"]
[Date "2018.01.18"]
[Round "1"]
[White "Ghosh, Diptayan"]
[Black "Lalith, Babu M R"]
[Result "0-1"]
[WhiteTitle "GM"]
[BlackTitle "GM"]
[WhiteElo "2556"]
[BlackElo "2542"]
[WhiteTeam "Mumbai Movers"]
[BlackTeam "Delhi Dynamite"]
[WhiteFideId "5045207"]
[BlackFideId "5024595"]
[EventDate "2018.01.18"]

1. Nf3 Nf6 2. g3 d5 3. Bg2 e6 4. O-O Be7 5. c4 O-O 6. d4 c6 7. b3 b6 8. Bb2 Ba6
9. Nbd2 Nbd7 10. Re1 c5 11. e4 Rc8 12. e5 Ne8 13. cxd5 exd5 14. Nf1 Nc7 15. Ne3
Re8 16. Qd2 Nf8 17. Rac1 Nfe6 18. Red1 Bb7 19. h4 Bf8 20. h5 h6 21. Nf5 Qd7 22.
Bh3 a5 23. Nh2 Qd8 24. Nf3 Ra8 25. a4 Rc8 26. Bg2 Rb8 27. Ne3 Ba8 28. Qe2 Qd7
29. Bc3 Red8 30. Qe1 Re8 31. Bf1 Bc6 32. Bd3 cxd4 33. Nxd4 Nxd4 34. Bxd4 Ne6 35.
Bf5 Qb7 36. Bxe6 fxe6 37. Qc3 Rbc8 38. Qd3 b5 39. axb5 Bxb5 40. Qg6 Qf7 41. Qg4
Ba3 42. Rxc8 Rxc8 43. Ng2 Rc1 44. Rxc1 Bxc1 45. Qd1 Bg5 46. Ne3 Bxe3 47. Bxe3
Qf5 48. Bf4 Qe4 49. f3 Qf5 50. Qd2 Kh7 51. Qxa5 Qb1+ 52. Kh2 Qxb3 53. g4 Qxf3
54. Qd2 Kg8 55. g5 Qxh5+ 56. Kg3 hxg5 57. Bxg5 Bd3 58. Bf4 Bf5 59. Kf2 Be4 60.
Ke3 Qf3+ 61. Kd4 Bf5 62. Kc5 Qa3+ 63. Kc6 Kf7 64. Qd4 Qe7 65. Be3 g5 66. Kb6 Kg6
67. Kc6 Qe8+ 68. Kd6 Qd8+ 69. Kc6 Qc8+ 70. Kd6 Qc4 71. Qa7 g4 72. Ke7 Qc8 73.
Qd4 Be4 74. Qb6 Bf5 75. Kd6 g3 76. Bf4 g2 77. Qf2 Qd8+ 78. Kc6 Be4 79. Qg3+ Kf5
80. Be3 d4+ 0-1

[Event "PRO League Group Stage"]
[Site "chess.com INT"]
[Date "2018.01.18"]
[Round "1"]
[White "Ghosh, Diptayan"]
[Black "Vaibhav, Suri"]
[Result "1/2-1/2"]
[WhiteTitle "GM"]
[BlackTitle "GM"]
[WhiteElo "2556"]
[BlackElo "2542"]
[WhiteTeam "Mumbai Movers"]
[BlackTeam "Delhi Dynamite"]
[WhiteFideId "5045207"]
[BlackFideId "5045185"]
[EventDate "2018.01.18"]

1. Nf3 Nf6 2. g3 d5 3. Bg2 e6 4. O-O Be7 5. c4 O-O 6. d4 c6 7. Qc2 b6 8. b3 Bb7
9. Nc3 Na6 10. Rd1 Rc8 11. Bb2 Nb4 12. Qb1 Qc7 13. a3 Na6 14. e4 Rfd8 15. e5 Nd7
16. cxd5 cxd5 17. Bf1 Nf8 18. Bd3 Qd7 19. Qc2 Nb8 20. Qd2 Ba6 21. Bc2 Rc7 22.
Rac1 Rdc8 23. Ne2 Nc6 24. Bd3 Bxd3 25. Qxd3 Na5 26. Kg2 Rxc1 27. Rxc1 Rxc1 28.
Bxc1 Qc6 29. a4 Qc8 30. Be3 Nd7 31. h4 Nb8 32. Bd2 Nbc6 33. Nf4 Nb4 34. Bxb4
Bxb4 35. Ng5 g6 36. h5 Qe8 37. hxg6 hxg6 38. Qd1 Be7 39. Nf3 Qc6 40. Qd3 Kg7 41.
Ne2 Qc8 42. Nh2 1/2-1/2

[Event "PRO League Group Stage"]
[Site "chess.com INT"]
[Date "2018.01.18"]
[Round "1"]
[White "Gurevich, Daniel"]
[Black "Swiercz, Dariusz"]
[Result "1-0"]
[WhiteTitle "IM"]
[BlackTitle "GM"]
[WhiteElo "2483"]
[BlackElo "2649"]
[WhiteTeam "Minnesota Blizzard"]
[BlackTeam "Saint Louis Arch Bishops"]
[WhiteFideId "2044676"]
[BlackFideId "1126881"]
[EventDate "2018.01.18"]

1. Nf3 d5 2. d4 Nf6 3. Bf4 c5 4. e3 Nc6 5. Nbd2 cxd4 6. exd4 Bg4 7. c3 e6 8. Qb3
Qc8 9. Bd3 Be7 10. O-O O-O 11. Ne5 Bh5 12. Rfe1 Nd7 13. Qc2 Ndxe5 14. dxe5 Bg6
15. Bxg6 fxg6 16. Bg3 Qc7 17. Rad1 Bc5 18. Nf3 Bb6 19. Ng5 Qe7 20. h4 Rf5 21. c4
Raf8 22. cxd5 Rxf2 23. Bxf2 Rxf2 24. Qxf2 Bxf2+ 25. Kxf2 exd5 26. Rxd5 Qb4 27.
e6 h6 28. Rd8+ Nxd8 29. e7 Qxh4+ 30. g3 Qxg5 31. e8=Q+ Kh7 32. Qf8 Nc6 33. Re8
Qd2+ 34. Kg1 Qc1+ 35. Kh2 Qc2+ 36. Kh3 g5 37. Qg8+ Kg6 38. Re6+ Kf5 39. Qf7# 1-0

[Event "PRO League Group Stage"]
[Site "chess.com INT"]
[Date "2018.01.18"]
[Round "1"]
[White "Gurevich, Daniel"]
[Black "Shepherd, Duncan"]
[Result "1-0"]
[WhiteTitle "IM"]
[WhiteElo "2483"]
[BlackElo "1986"]
[WhiteTeam "Minnesota Blizzard"]
[BlackTeam "Saint Louis Arch Bishops"]
[WhiteFideId "2044676"]
[BlackFideId "2080311"]
[EventDate "2018.01.18"]

1. Nf3 Nf6 2. d4 d5 3. Bf4 c5 4. e3 Nc6 5. Nbd2 e6 6. c3 cxd4 7. cxd4 Bd6 8. Bg3
O-O 9. Bd3 Qe7 10. Ne5 Bd7 11. a3 Rfc8 12. O-O Rab8 13. f4 b5 14. Bh4 Qd8 15.
Bxf6 gxf6 16. Qh5 Bxe5 17. Qxh7+ Kf8 18. fxe5 f5 19. Rf3 Be8 20. Nb3 Qb6 21.
Bxf5 Nxd4 22. Nxd4 exf5 23. Nxf5 1-0

[Event "PRO League Group Stage"]
[Site "chess.com INT"]
[Date "2018.01.18"]
[Round "1"]
[White "Kambrath, Yannick"]
[Black "Chirila, Ioan-Cristian"]
[Result "0-1"]
[WhiteTitle "FM"]
[BlackTitle "GM"]
[WhiteElo "2342"]
[BlackElo "2557"]
[WhiteTeam "Rio Grande Ospreys"]
[BlackTeam "San Jose Hackers"]
[WhiteFideId "20632525"]
[BlackFideId "1211668"]
[EventDate "2018.01.18"]

1. d4 Nf6 2. c4 g6 3. Nc3 d5 4. Nf3 Bg7 5. e3 O-O 6. cxd5 Nxd5 7. Bc4 Nxc3 8.
bxc3 c5 9. O-O Qc7 10. Qe2 Nd7 11. Rd1 b6 12. Bb2 e6 13. Rac1 Bb7 14. e4 Nf6 15.
d5 exd5 16. exd5 Rfe8 17. Qd3 Rad8 18. d6 Qd7 19. Bb5 Bc6 20. Bxc6 Qxc6 21. c4
Ne4 22. Bxg7 Kxg7 23. Qa3 Nxd6 24. Qxa7 Ra8 25. Rxd6 Qxd6 26. Qb7 Rxa2 27. h4 h6
28. Rb1 Rc2 29. h5 g5 30. g3 Ree2 31. Rf1 Rxf2 32. Rxf2 Qxg3+ 33. Kh1 Rc1+ 0-1

[Event "PRO League Group Stage"]
[Site "chess.com INT"]
[Date "2018.01.25"]
[Round "2"]
[White "Puranik, Abhimanyu"]
[Black "Agdestein, Simen"]
[Result "0-1"]
[WhiteTitle "GM"]
[BlackTitle "GM"]
[WhiteElo "2520"]
[BlackElo "2586"]
[WhiteTeam "Mumbai Movers"]
[BlackTeam "Norway Gnomes"]
[WhiteFideId "5061245"]
[BlackFideId "1500015"]
[EventDate "2018.01.18"]

1. e4 c5 2. c3 d5 3. exd5 Qxd5 4. d4 Nf6 5. Nf3 Bg4 6. Be2 e6 7. Be3 cxd4 8.
cxd4 Nc6 9. Nc3 Qd6 10. O-O Be7 11. Qb3 O-O 12. Rfd1 Rfd8 13. Rac1 Qb4 14. h3
Qxb3 15. axb3 Bxf3 16. Bxf3 Nd5 17. Nxd5 exd5 18. Rc2 g6 19. g4 f6 20. Re2 Kf7
21. Rd3 Rac8 22. Rc3 Bb4 23. Rcc2 Ne7 24. Kg2 a6 25. Bf4 Nc6 26. Rc1 Rd7 27. Bd2
Bxd2 28. Rxd2 Ne7 29. Rxc8 Nxc8 30. Rc2 Na7 31. Kf1 Nc6 32. Rd2 Ke6 33. Ke2 Rc7
34. Ke3 Nb4 35. Bd1 Rc1 36. f4 g5 37. Kf3 h6 38. Ke3 Kd6 39. Kf3 Rc7 40. Re2 Nd3
41. fxg5 hxg5 42. Rd2 Nb4 43. Kg3 Re7 44. Kf2 Rh7 45. Kg3 Re7 46. Kf2 Rc7 47.
Kg3 Rh7 48. Rf2 Rh6 49. Bf3 Nd3 50. Rd2 Nf4 51. Bg2 Rh8 52. Rf2 Re8 53. h4 Re3+
54. Bf3 Nd3 55. Re2 gxh4+ 56. Kg2 Nf4+ 57. Kf2 Rxe2+ 58. Bxe2 h3 59. Bf3 Ne6 60.
Ke3 h2 61. Bh1 a5 62. Bg2 b5 63. Bh1 b4 64. Bg2 Ng5 65. Kf4 Ne4 66. Kf5 Ke7 67.
Kf4 Ke6 68. Kf3 Nd2+ 69. Kg3 Nxb3 70. Kxh2 a4 0-1

[Event "PRO League Group Stage"]
[Site "chess.com INT"]
[Date "2018.01.25"]
[Round "2"]
[White "Puranik, Abhimanyu"]
[Black "Abdrlauf, Elham"]
[Result "1-0"]
[WhiteTitle "GM"]
[WhiteElo "2520"]
[BlackElo "2073"]
[WhiteTeam "Mumbai Movers"]
[BlackTeam "Norway Gnomes"]
[WhiteFideId "5061245"]
[BlackFideId "1533533"]
[EventDate "2018.01.18"]

1. e4 c6 2. d4 d5 3. Nd2 dxe4 4. Nxe4 Nf6 5. Nxf6+ exf6 6. c3 Bd6 7. Bd3 Be6 8.
Ne2 Nd7 9. Be3 Qc7 10. Qc2 h5 11. O-O-O O-O-O 12. c4 Kb8 13. c5 Be7 14. Bf4 Ne5
15. dxe5 fxe5 16. Be3 Bf6 17. Bc4 Bd5 18. f3 Ka8 19. Ng3 Be7 20. Qb3 h4 21. Nf5
Bf6 22. Bxd5 cxd5 23. Rxd5 Rxd5 24. Qxd5 Rd8 25. Nd6 Be7 26. Kb1 Bxd6 27. cxd6
Rxd6 28. Qxe5 a6 29. Bf4 1-0

[Event "PRO League Group Stage"]
[Site "chess.com INT"]
[Date "2018.01.25"]
[Round "2"]
[White "Kunte, Abhijit"]
[Black "Agdestein, Simen"]
[Result "1-0"]
[WhiteTitle "GM"]
[BlackTitle "GM"]
[WhiteElo "2499"]
[BlackElo "2586"]
[WhiteTeam "Mumbai Movers"]
[BlackTeam "Norway Gnomes"]
[WhiteFideId "5002265"]
[BlackFideId "1500015"]
[EventDate "2018.01.18"]

1. d4 Nf6 2. Nf3 b6 3. g3 Bb7 4. Bg2 c5 5. O-O cxd4 6. Qxd4 Nc6 7. Qh4 e6 8. c4
Be7 9. Nc3 O-O 10. Rd1 Rc8 11. Qf4 Na5 12. b3 d5 13. Bb2 Bd6 14. Qd2 Bb4 15. Qf4
Qe7 16. Ne5 dxc4 17. Bxb7 Qxb7 18. bxc4 Rfd8 19. Rac1 h6 20. Nb5 a6 21. Nd4 Bd6
22. Nb3 Bxe5 23. Rxd8+ Rxd8 24. Bxe5 Nxb3 25. axb3 Ne4 26. Qf3 f5 27. Bc3 Qc6
28. Qe3 Ng5 29. f3 Nf7 30. Bd4 Rd6 31. Qc3 e5 32. Bf2 Qd7 33. Kg2 f4 34. b4 h5
35. c5 bxc5 36. bxc5 Rc6 37. Qb3 Kh8 38. Rd1 Qf5 39. Qb7 Rg6 40. Rd7 Ng5 41.
Qc8+ Kh7 42. Rxg7+ 1-0

[Event "PRO League Group Stage"]
[Site "chess.com INT"]
[Date "2018.01.25"]
[Round "2"]
[White "Kunte, Abhijit"]
[Black "Abdrlauf, Elham"]
[Result "1-0"]
[WhiteTitle "GM"]
[WhiteElo "2499"]
[BlackElo "2073"]
[WhiteTeam "Mumbai Movers"]
[BlackTeam "Norway Gnomes"]
[WhiteFideId "5002265"]
[BlackFideId "1533533"]
[EventDate "2018.01.18"]

1. Nf3 Nf6 2. c4 b6 3. g3 Bb7 4. Bg2 g6 5. d4 Bg7 6. O-O O-O 7. Qc2 d6 8. Nc3
Nbd7 9. e4 a5 10. h3 e5 11. Be3 exd4 12. Nxd4 Re8 13. Rfe1 Nc5 14. f3 Qd7 15.
Rad1 Nh5 16. Bf2 Qe7 17. f4 Ne6 18. Ndb5 Nexf4 19. gxf4 Nxf4 20. Bg3 Nxg2 21.
Qxg2 Rac8 22. Qf2 Be5 23. Kh2 Rcd8 24. Bxe5 Qxe5+ 25. Qg3 Qc5 26. b3 Re5 27. Nd5
c6 28. Nf6+ Kg7 29. Nxd6 Rxd6 30. Rxd6 Rg5 31. Qf4 Bc8 32. Rf1 Bxh3 33. Kxh3
Rh5+ 34. Nxh5+ Qxh5+ 35. Kg2 Qe2+ 36. Rf2 Qxf2+ 1-0

[Event "PRO League Group Stage"]
[Site "chess.com INT"]
[Date "2018.01.25"]
[Round "2"]
[White "Bykhovsky, Anatoly"]
[Black "Rosenthal, Nicholas"]
[Result "1-0"]
[WhiteTitle "GM"]
[WhiteElo "2496"]
[BlackElo "2169"]
[WhiteTeam "Montclair Sopranos"]
[BlackTeam "Miami Champions"]
[WhiteFideId "2806991"]
[BlackFideId "2045150"]
[EventDate "2018.01.18"]

1. d4 d5 2. c4 e6 3. Nc3 Nf6 4. Nf3 c6 5. Bg5 Nbd7 6. e3 Be7 7. Qc2 O-O 8. O-O-O
Qa5 9. Kb1 dxc4 10. Bxc4 b5 11. Bd3 Rb8 12. Ne5 b4 13. Nxc6 Qxg5 14. Nxe7+ Kh8
15. f4 Qh6 16. Nb5 Bb7 17. Nd6 Ba8 18. h3 Ne8 19. Nec8 Nb6 20. Rc1 Nd5 21. Qd2
Qf6 22. Nxe8 Rxe8 23. Nd6 Red8 24. Ne4 Qe7 25. Nc5 Qd6 26. Rhd1 Qb6 27. g4 Qa5
28. Nb3 Qb6 29. Rc5 Nf6 30. Qc2 Bd5 31. Rc1 a5 32. Nxa5 Ra8 33. Nc4 Qb7 34. b3
Ne4 35. Na5 Rxa5 36. Rxa5 Nc3+ 37. Ka1 Qc7 38. Rc5 Qa7 39. Rxc3 bxc3 40. Qxc3
Bg2 41. h4 Bf3 42. g5 Kg8 43. Kb2 g6 44. Qc7 Qa8 45. Rc5 Kg7 46. Ra5 1-0

[Event "PRO League Group Stage"]
[Site "chess.com INT"]
[Date "2018.01.25"]
[Round "2"]
[White "Bykhovsky, Anatoly"]
[Black "Quesada Perez, Yuniesky"]
[Result "0-1"]
[WhiteTitle "GM"]
[BlackTitle "GM"]
[WhiteElo "2496"]
[BlackElo "2627"]
[WhiteTeam "Montclair Sopranos"]
[BlackTeam "Miami Champions"]
[WhiteFideId "2806991"]
[BlackFideId "3504409"]
[EventDate "2018.01.18"]

1. Nf3 d5 2. g3 c6 3. Bg2 Bg4 4. O-O Nd7 5. d4 e6 6. Nbd2 f5 7. c4 Bd6 8. b3
Ngf6 9. Bb2 Ne4 10. Ne5 Nxe5 11. dxe5 Bc5 12. cxd5 exd5 13. Nf3 Qb6 14. e3 Ng5
15. h4 Ne6 16. Qc2 O-O 17. Rac1 Bxf3 18. Bxf3 a5 19. a4 Rf7 20. Bh5 g6 21. Be2
Raf8 22. Kg2 Bb4 23. h5 g5 24. h6 Qd8 25. f4 Qb6 26. Bh5 Qxe3 27. Bxf7+ Rxf7 28.
fxg5 Qxg5 29. Rf3 f4 30. Rcf1 Qxh6 31. Rh1 Qg5 32. Rh4 Rg7 33. Kh3 fxg3 34. Bc1
g2 35. Bxg5 g1=Q 36. Rg3 Qf1+ 37. Kh2 Nxg5 38. Rxg5 Rxg5 39. Qxh7+ Kf8 40. Qh8+
Rg8 41. Qh6+ Ke7 42. Qh7+ Qf7 0-1

[Event "PRO League Group Stage"]
[Site "chess.com INT"]
[Date "2018.01.25"]
[Round "2"]
[White "Li, Zhaoyang"]
[Black "Abrahamyan, Tatev"]
[Result "1-0"]
[BlackTitle "WGM"]
[WhiteElo "2091"]
[BlackElo "2332"]
[WhiteTeam "Chengdu Pandas"]
[BlackTeam "San Diego Surfers"]
[WhiteFideId "8608237"]
[BlackFideId "13301918"]
[EventDate "2018.01.18"]

1. e4 e6 2. d4 d5 3. exd5 exd5 4. Bd3 Bd6 5. Nf3 Bg4 6. h3 Bh5 7. Qe2+ Ne7 8.
Be3 Nbc6 9. c3 Qd7 10. Nbd2 Bg6 11. O-O-O O-O-O 12. Nh4 Bxd3 13. Qxd3 Na5 14.
Kb1 f6 15. g4 g5 16. Ng2 h5 17. f3 Rdg8 18. c4 Nxc4 19. Nxc4 dxc4 20. Qxc4 f5
21. gxh5 f4 22. Bc1 Rxh5 23. Rhe1 Qf5+ 24. Ka1 Rgh8 25. h4 gxh4 26. Nxf4 R5h7
27. Ne6 Nd5 28. Re5 Bxe5 29. Qxd5 Rd7 30. Qc4 Bd6 31. d5 h3 32. Qd4 Be5 33. Qxa7
c6 34. dxc6 Qxe6 35. Qa8+ Bb8 36. cxd7+ Kc7 37. Bf4+ Kb6 38. Bxb8 1-0

[Event "PRO League Group Stage"]
[Site "chess.com INT"]
[Date "2018.01.25"]
[Round "2"]
[White "Li, Zhaoyang"]
[Black "Dreev, Aleksey"]
[Result "0-1"]
[BlackTitle "GM"]
[WhiteElo "2091"]
[BlackElo "2653"]
[WhiteTeam "Chengdu Pandas"]
[BlackTeam "San Diego Surfers"]
[WhiteFideId "8608237"]
[BlackFideId "4100107"]
[EventDate "2018.01.18"]

1. e4 c6 2. d4 d5 3. exd5 cxd5 4. Bd3 Nc6 5. c3 g6 6. h3 Nh6 7. Nf3 Bf5 8. Bxh6
Bxh6 9. Bxf5 gxf5 10. Nbd2 Rg8 11. O-O Qd6 12. Re1 Qg6 13. Nh4 Qf6 14. Nhf3
O-O-O 15. Nf1 Bf4 16. Kh1 Rg6 17. g3 Bc7 18. b4 Rh6 19. Kg2 Rg6 20. b5 Na5 21.
Ne5 Bxe5 22. dxe5 Qb6 23. Qd4 Nc4 24. Ne3 Nxe3+ 25. Rxe3 Qxb5 26. Rd1 Qb6 27.
Qf4 e6 28. c4 Qc6 29. cxd5 Rxd5 30. Rxd5 Qxd5+ 31. Kh2 Rg8 32. Qa4 Kb8 33. a3
Qd2 34. Kg2 Rc8 35. Qb5 a6 36. Qb6 Qd5+ 37. Kh2 Rc1 38. Rf3 Qxf3 0-1

[Event "PRO League Group Stage"]
[Site "chess.com INT"]
[Date "2018.01.25"]
[Round "2"]
[White "Aleskerov, Faik"]
[Black "Smirnov, Anton"]
[Result "0-1"]
[BlackTitle "GM"]
[WhiteElo "2315"]
[BlackElo "2527"]
[WhiteTeam "San Jose Hackers"]
[BlackTeam "Australia Kangaroos"]
[WhiteFideId "13401262"]
[BlackFideId "3208923"]
[EventDate "2018.01.18"]

1. e4 c6 2. d4 d5 3. exd5 cxd5 4. Nf3 Nc6 5. c3 Qc7 6. h3 Bf5 7. Bd3 Bg6 8. O-O
e6 9. Ne5 Bxd3 10. Qxd3 Bd6 11. Nxc6 bxc6 12. c4 Ne7 13. Nc3 Qb7 14. Rb1 a5 15.
c5 Bc7 16. b3 O-O 17. a3 e5 18. dxe5 Bxe5 19. Ne2 Qa6 20. Qxa6 Rxa6 21. Bb2 f6
22. f4 Bb8 23. Nd4 Ba7 24. Rbc1 Rb8 25. Rfe1 Rb7 26. Kh2 h5 27. Rc2 Bb8 28. g3
h4 29. Bc1 hxg3+ 30. Kxg3 Kf7 31. h4 Ra8 32. h5 Ba7 33. Kg4 Re8 34. Bd2 Bb8 35.
Bxa5 Rh8 36. Bb6 g6 37. Rh2 f5+ 38. Kg5 gxh5 39. Rxe7+ Kxe7 40. Nxc6+ Kd7 41.
Nxb8+ Rbxb8 42. Kxf5 Kc6 43. Re2 Rbf8+ 44. Kg5 Rhg8+ 45. Kxh5 Rf5+ 46. Kh6 Rxf4
47. Kh7 Rg3 0-1

[Event "PRO League Group Stage"]
[Site "chess.com INT"]
[Date "2018.01.25"]
[Round "2"]
[White "Aleskerov, Faik"]
[Black "Clarke, Brandon G I"]
[Result "1/2-1/2"]
[BlackTitle "FM"]
[WhiteElo "2315"]
[BlackElo "2360"]
[WhiteTeam "San Jose Hackers"]
[BlackTeam "Australia Kangaroos"]
[WhiteFideId "13401262"]
[BlackFideId "400319"]
[EventDate "2018.01.18"]

1. e4 c5 2. a3 e5 3. Nf3 Nc6 4. Bc4 d6 5. h3 g6 6. O-O Bg7 7. d3 Nge7 8. Be3 O-O
9. Qc1 Rb8 10. Nc3 a6 11. a4 Nd4 12. Bxd4 cxd4 13. Nd5 Nxd5 14. Bxd5 Be6 15. c4
Qf6 16. Qg5 Qxg5 17. Nxg5 Bxd5 18. exd5 Bh6 19. Ne4 Rfd8 20. b4 f5 21. Ng3 Bd2
22. Rab1 b5 23. Rfd1 Bg5 24. Ne2 Rdc8 25. f4 Bf6 26. fxe5 Bxe5 27. cxb5 axb5 28.
a5 Rc2 29. Kf1 g5 30. Rbc1 Rb2 31. Rb1 Rc2 32. Rbc1 Rb2 33. Rb1 Rc2 34. Rbc1 Rb2
35. Rb1 Rc2 1/2-1/2